Missing Word: Simon & Garfunkel Songs Quiz Stats

 Plays Quiz Updated Aug 31, 2016

Challenge
Share
Tweet
Embed
Score 0/20 Timer 02:00
0 Plays Today
Simon & Garfunkel Song Missing Word % Correct
Bridge over ___ WaterTroubled
96.3%
Mrs. ___Robinson
90.3%
The Sound of ___Silence
89.3%
Scarborough ___/CanticleFair
85.8%
___ BoundHomeward
76.8%
So Long, ___ Lloyd WrightFrank
72.6%
I Am a ___Rock
71.8%
The 59th Street Bridge Song (Feelin' ___)Groovy
70.8%
Bleecker ___Street
52.8%
A ___ Shade of WinterHazy
40.4%
Simon & Garfunkel Song Missing Word % Correct
El Condor Pasa (If I ___)Could
39.5%
The Only Living ___ in New YorkBoy
39.2%
___ Morning, 3 A.M.Wednesday
35.5%
For ___, Whenever I May Find HerEmily
27.6%
___ Come She WillApril
24.2%
At the ___Zoo
22.7%
The Dangling ___Conversation
21.6%
Save the Life of My ___Child
21.3%
___ CoryRichard
19.7%
7 O'Clock News/___ NightSilent
17.5%

Today's Daily Dose

Word Ladder
Homophones Ate

Quick Pick
RGB Colors

On This Day
August 18th II

You're not logged in!

Compare scores with friends on all Sporcle quizzes.
Join for Free
OR
Log In

You Might Also Like...

Show Comments

Extras

Top Quizzes Today


Score Distribution

Your Account Isn't Verified!

In order to create a playlist on Sporcle, you need to verify the email address you used during registration. Go to your Sporcle Settings to finish the process.

Report this User

Report this user for behavior that violates our Community Guidelines.

Details: